00345nam a2200133Ia 4500008004100000100004000041245002200081250001200103260004100115300000900156650002400165942000700189999001500196190216s9999||||xx |||||||||||||| ||und|| aRobert T Morisson And Robert N Boyd 0aOrganic Chemistry a6th Ed. bPrentice Hall Of India Pvt Ltdc2001 a1279 aChemistry-Chemistry cBK c2901d2901